| 000 | 00340nam a22000977a 4500 | ||
|---|---|---|---|
| 008 | 240730b |||||||| |||| 00| 0 eng d | ||
| 040 |
_aNational Science Library _cNational Science Library |
||
| 245 | _aChimia compusilor organici fosforului acizilor lui | ||
| 260 |
_aRomania: _beditura Academiei Republici Socialiste, _c1965 |
||
| 942 |
_2udc _cBK |
||
| 999 |
_c65235 _d65235 |
||